[Event "Athens Papanastasio 03rd"]
[Site "Athens"]
[Date "2008.12.14"]
[Round "7"]
[White "Cserna, Laszlo"]
[Black "Sinanidis, Vas"]
[Result "1/2-1/2"]
[WhiteElo "2355"]
[BlackElo "2280"]
[PlyCount "137"]
[EventDate "2008.12.07"]
[EventType "tourn"]
[EventRounds "9"]
[EventCountry "GRE"]
[SourceTitle "EXT 2024"]
[Source "ChessBase"]
[SourceDate "2023.10.10"]
[SourceVersion "1"]
[SourceVersionDate "2023.10.10"]
[SourceQuality "1"]

1. d4 Nf6 2. c4 g6 3. Nc3 Bg7 4. e4 d6 5. Be2 0-0 6. Nf3 e5 7. 0-0 Nc6 8. d5 Ne7 9. Nd2 Nd7 10. b4 f5 11. f3 f4 12. a4 g5 13. Ba3 Rf7 14. c5 Ng6 15. a5 Nf6 16. b5 Bf8 17. b6 axb6 18. axb6 cxb6 19. cxd6 Bxd6 20. Qb3 Rxa3 21. Rxa3 Bxa3 22. Qxa3 Ne8 23. Nc4 Bd7 24. Rb1 b5 25. Nxb5 Bxb5 26. Rxb5 Rd7 27. Rb6 Nh8 28. Re6 Nf7 29. Qb2 Re7 30. Nxe5 Rxe6 31. dxe6 Nxe5 32. Qxe5 Qb6+ 33. Kf1 Qb1+ 34. Kf2 Qb6+ 35. Ke1 Qb1+ 36. Bd1 Qb4+ 37. Ke2 Qc4+ 38. Kd2 Qb4+ 39. Qc3 Qd6+ 40. Kc1 Qc7 41. Kb2 Qb6+ 42. Bb3 Qf2+ 43. Kc1 Qg1+ 44. Bd1 Qb6 45. Qc8 Qc7+ 46. Qxc7 Nxc7 47. Bb3 Kf8 48. Kd2 Ke7 49. Kd3 Nxe6 50. Bxe6 Kxe6 51. Kc4 Ke5 52. Kc5 h5 53. Kb6 g4 54. Kxb7 gxf3 55. gxf3 Kd4 56. Kc6 Ke3 57. e5 Kxf3 58. e6 Kg2 59. e7 f3 60. e8Q f2 61. Qe4+ Kg1 62. Qe3 h4 63. Kd5 Kg2 64. Qe2 Kg1 65. Ke4 f1Q 66. Qxf1+ Kxf1 67. Kf3 h3 68. Kg3 Ke2 69. Kxh3 1/2-1/2

[Event "Athens Papanastasio 03rd"]
[Site "Athens"]
[Date "2008.12.09"]
[Round "3"]
[White "Vizantiadis, Lazaros"]
[Black "Sinanidis, Vas"]
[Result "1/2-1/2"]
[WhiteElo "2235"]
[BlackElo "2280"]
[PlyCount "60"]
[EventDate "2008.12.07"]
[EventType "tourn"]
[EventRounds "9"]
[EventCountry "GRE"]
[SourceTitle "EXT 2024"]
[Source "ChessBase"]
[SourceDate "2023.10.10"]
[SourceVersion "1"]
[SourceVersionDate "2023.10.10"]
[SourceQuality "1"]

1. g3 Nf6 2. Bg2 g6 3. b3 Bg7 4. Bb2 0-0 5. c4 d6 6. d4 c5 7. d5 Na6 8. e4 e5 9. Nc3 Nc7 10. h3 Bd7 11. a4 Na6 12. Nf3 Nb4 13. 0-0 Qc8 14. Kh2 a5 15. Ne1 Nh5 16. Qe2 h6 17. Nb5 Bxb5 18. cxb5 Qd8 19. h4 Nf6 20. Bh3 h5 21. Bc1 Rb8 22. Ng2 Qc7 23. f3 Nd7 24. Bxd7 Qxd7 25. Ne3 b6 26. Nc4 f5 27. Bb2 f4 28. Rad1 fxg3+ 29. Kxg3 Bh6 30. Bc1 Bxc1 1/2-1/2